Architektonicko-urbanistické princípy riešenia poľnohospodárskeho školstva v SSR /

Guardado en:
Detalles Bibliográficos
Autor principal: Majtán, Štefan, 1936- (Autor)
Otros Autores: Nahálka, Peter (Orientador)
Formato: Manuscrito Libro
Lenguaje:eslovaco
Publicado: Bratislava : SVŠT v Bratislave, Fakulta architektúry, máj 1977
Materias:
Etiquetas: Agregar Etiqueta
Sin Etiquetas, Sea el primero en etiquetar este registro!

MARC

LEADER 00000ntm a22000003a 4500
001 0112565
003 SK-STU
005 20241125125826.1
007 ta
008 241125s2024----xo-----f-mn---000-0-slo-d
040 |a STU  |b slo 
041 0 |a slo 
044 |a xo  |c SK 
100 1 |a Majtán, Štefan,  |d 1936-  |4 aut  |X 3456  |7 A000003456 
245 1 0 |a Architektonicko-urbanistické princípy riešenia poľnohospodárskeho školstva v SSR /  |c aut. Štefan Majtán ; škol. Peter Nahálka 
260 |a Bratislava :  |b SVŠT v Bratislave, Fakulta architektúry,  |c máj 1977 
300 |a 151 s. 
650 0 7 |a poľnohospodárske stavby 
650 0 7 |a školy stredné odborné 
650 0 7 |a školské stavby 
650 0 7 |a Slovensko 
650 0 7 |a školstvo 
700 1 |a Nahálka, Peter  |4 ths 
996 |b 284AU10059  |c A* 141/V  |l AAKNST  |s P  |a 0  |w 0112565_0001